Spell the City of S** F********, California - Statistics

General Stats
  • This quiz has been taken 388 times
  • The average score is 11 of 12
Answer Stats
Capital % Correct
S
100%
a
98%
n
97%
F
96%
a
95%
r
95%
n
94%
c
88%
c
87%
i
87%
s
87%
o
86%
No matching quizzes found
Score Distribution
Percent of People with Each Score
Percentile by Number Answered
Your Score History
You have not taken this quiz